Moderní retailové bankovnictví rozhodně nestagnuje

Ziskovosť veľkých bánk a spôsobilosť riadiť ekonomiku individuálneho klienta stimulujú finančné inštitúcie k zmene základného modelu fungovania. Retailové bankovníctvo vo svete a v ČR je ovplyvnené hospodárskymi cyklami a trendami. Príklady trendov. Problémy finančného rozhodovania. Komponentný mod...

Full description

Saved in:
Bibliographic Details
Main Author: Pardubický, Tomáš
Format: Book Chapter
Language:Czech
Subjects:
Tags: Add Tag
No Tags, Be the first to tag this record!

MARC

LEADER 00000naa$a2200000$$$4500
001 0005435
005 20231004073432.1
041 0 |a cze 
044 |a CZ 
245 1 0 |a Moderní retailové bankovnictví rozhodně nestagnuje  |c aut. Tomáš Pardubický 
520 |a Ziskovosť veľkých bánk a spôsobilosť riadiť ekonomiku individuálneho klienta stimulujú finančné inštitúcie k zmene základného modelu fungovania. Retailové bankovníctvo vo svete a v ČR je ovplyvnené hospodárskymi cyklami a trendami. Príklady trendov. Problémy finančného rozhodovania. Komponentný model bankovníctva. 
610 2 0 |a bankovníctvo 
610 2 0 |a bankovníctvo retailové 
610 2 0 |a megatrendy 
610 2 0 |a modely 
610 2 0 |a služby bankové 
610 2 0 |a klienti 
610 2 0 |a rozhodovanie finančné 
100 1 |a Pardubický, Tomáš